000 01139nam a22003497a 4500
003 CHAP
005 20220329133140.0
008 971013s1991 r 00010 d
010 _a2726
011 _a3698
035 _a2899
040 _cCHAP
090 _aTesis
100 0 0 _aBautista Galeana, Félix.
_910908
245 _aIntervención del Estado en la explotación forestal de los Altos de Chiapas
260 _aChapingo, Méx. :
_bEl autor,
_c1991
300 _a89 h.
500 _aD47-18
502 _aTesis (Ing. Agr. Esp. en Economía Agrícola) -- UACH. Departamento de Economía Agrícola
590 _aALEPH
_b10
_c20130110
_lUCH01
_h1213
590 _aBATCH-UPD
_b10
_c20130110
_lUCH01
_h1728
590 _aBATCH-UPD
_b10
_c20130410
_lUCH01
_h1110
590 _aBATCH-UPD
_b10
_c20130914
_lUCH01
_h0547
590 _aCONVERSION
_b10
_c20130109
_lUCH01
_h1303
650 1 4 _aAgricultura y Estado
_xChiapas.
_92039
650 1 4 _aBosques
_xExtracción.
_914174
650 1 4 _aBosques
_zChiapas.
_914414
650 1 4 _aBosques
_zChiapas.
_914414
901 _aBK
942 _cTESIS
949 _bBC
_cTES
_d-12407
_eTS1
_h24593
_i2899
_si
999 _c2726
_d2726